000 00357nam a2200145Ia 4500
008 240624s9999 xx 000 0 und d
041 _aeng
082 _a158.1 MAN
100 _aMANSON MARK
245 _aSUBTLE ART OF NOT GIVING A F CK A COUNTE
250 _a(2nd ed.)
260 _c2016
_aNew York
_bHarper Collins
300 _a224 p.
365 _c
_b30
999 _c30939
_d30939